000 00701nam a22002537a 4500
003 OSt
008 150515b xxu||||| |||| 00| 0 eng d
100 1 _aLindquist, H. L.
041 _aeng
050 0 0 _a383.2135S
245 1 0 _aThe Stamp Specialist
246 1 0 _aWhite Book (Number 13)
260 _aNew York, NY
_bH. L. Lindquist
300 _a131 pages
650 0 _aGeneral
650 0 _aCity Delivery Letter Expresses
650 0 _aSan Francisco
650 0 _aAir Mail Interruption Covers
650 0 _aUS National Defense Issue
650 0 _aPanama and San Francisco Steam Ship
650 0 _aPuerto Rico Postal Markings
650 0 _aUS Sanings Stamps
650 0 _aRoyal Genealogies
999 _c1471
_d1471